1058 1782 1888 1674 1274 1245 1556 1997 1913 1124 1961 1992 1863 1809 1120 1812 1160 1675 1230 1917 1379 1364 1153 1517 1511 1189 1984 1628 1685 1799 1502 1984 1203 1711 1007 1940 1788 1322 1665 1006 1481 1648 1376 1310 1713 1867 1719 1878 1508 1357 1215 1902 1600 1945 1062 1440 1146 1006 1364 1584 1425 1292 1300 1066 1758 1323 1720 1976 1448 1584 1871 1052 1112 1539 1376 1554 1572 1946 1016 1680 1436 1746 1226 1474 1641 1184 1081 1527 1297 1671 1188 1474 1072 1632 1432 1862 1313 1023 1329 BCNSPRNW ULIB Ver.6.0+V

เปลี่ยนเป็นภาษาไทย

Change to English
 แสดงรายละเอียดบรรณานุกรม
  กลับหน้าหลัก

Brief Record : Get Marc (ISO 2709) : E-mail record : QR code < ปิดหน้าต่าง
LEADER : 00000nam 2200000uu 4500
001    13399111153
003     ULIB
008    110617s||||||||th 000 0 tha d
020    9748533913
050 04 BF637.B4^bอ833จ 2544
100 0  อุมาพร ตรังคสมบัติ
245 10 จิตบำบัดและการให้คำปรึกษาครอบครัว =^bFamily therapy and family counseling /^cอุมาพร ตรังคสมบัติ
246 31 Family therapy and family counseling
250    พิมพ์ครั้งที่ 5 ฉบับปรับปรุงครั้งที่ 1
260    กรุงเทพฯ :^bภาควิชาจิตเวชศาสตร์ คณะแพทยศาสตร์จุฬาลงกรณ์มหาวิทยาลัย,^c2544
300    [15], 414 หน้า ;^c25 ซม.
500    หนังสือดีเด่น รางวัล TTF AWARD สาขาวิทยาศาสตร์ ประจำปีพ.ศ. 2540
504    มีบรรณานุกรมและดรรชนี
650  7 การวางแผนครอบครัว^zไทย
650  7 ครอบครัว
650  7 จิตบำบัด
710 2  จุฬาลงกรณ์มหาวิทยาลัย. ^bภาควิชาจิตเวชศาสตร์
945    ^p375^l0^i025543
945    ^p375^l0^i025542
945    ^p375^l0^i025541
945    ^p375^l0^i021672
945    ^p375^l0^i018887
995    ทศพร
999 ^a ใช้งานได้ทุกระบบ
รายการนี้ยังไม่มีแท็ก
คุณยังไม่ได้ล็อกอิน คุณสามารถมีกิจกรรมร่วมกับเว็บไซต์ได้ แต่ต้องล็อกอินก่อน ::
  ล็อกอิน

รายการสื่อสารสนเทศ

ลำดับที่ ประเภท เลขเรียก/บาร์โค้ด สถานที่ สถานะ
- ไม่พบข้อมูล -

รายการใกล้เคียง
    ชื่อเรื่อง [จิตบำบัดและการให้คำปรึกษาครอบครัว = Family therapy and family counseling / อุมาพร ตรังคสมบัติ]

    ผู้แต่ง [อุมาพร ตรังคสมบัติ]

    หัวเรื่อง [ครอบครัว]
    หัวเรื่อง [จิตบำบัด]

BibComment


ยังไม่เคยถูกคอมเมนท์

คอมเมนท์ทรัพยากรรายการนี้
  คอมเมนท์: จิตบำบัดและการให้..


 Copyright 2026. Bcnsprnw @Library